000 00652cam a22002171 4500
001 he 77951933
003 DLC
005 20260227111509.0
008 840125s1970 is 000 0 heb
010 _ahe 77951933
035 _a(OCoLC)19142371
040 _aDLC
_cMH
_dDLC
042 _apremarc
050 0 0 _aBM506.B43
_bI4
100 1 _aIlani, Tsevi.
245 1 0 _aMafteḥot ha-Shas ʻal masekhet Bava batra :
_bmafteaḥ...shel ke-meʼah sefarim... /
_cnisdar ʻal yede Tsevi Ilani...
260 _a[Ramat Gan?] :
_b[Ilani?],
_c[197-]
300 _a[56] p. ;
_c35 cm.
630 0 0 _aTalmud.
_pBava batra
_xIndexes.
752 _aIsrael
_dRamat Gan
999 _c34171
_d34171